| 000 | 02922nam a22002897a 4500 | ||
|---|---|---|---|
| 005 | 20250909120605.0 | ||
| 008 | 150825b ag ||||| |||| 00| 0 spa d | ||
| 020 | _a950508403X | ||
| 050 | 0 | 4 |
_aKHA152 _bG85 1993 |
| 100 | 1 | _aGuibourg, Ricardo A. | |
| 245 | 1 | 0 |
_aInformática jurídica decisoria _c / Ricardo A. Guibourg ; colaboradores Gladys S. Álvarez,...[et al]. |
| 250 | _a1a ed. | ||
| 260 |
_aBuenos, Aires : _bAstrea de Alfredo y Ricardo Depalma, _c1993 |
||
| 300 |
_axvi, 245 p. : _bil. ; _c23 cm. |
||
| 504 | _aBibliografía : p. 243 - 245 | ||
| 650 | 7 |
_2lemb _a Informática _xDerecho _zArgentina |
|
| 650 | 7 |
_2lemb _aSistemas de almacenamiento y recuperación de información _xDerecho |
|
| 700 | 1 |
_aÁlvarez, Gladys S. _ecolaborador |
|
| 700 | 1 |
_aBoruchowicz, Gustavo A. _ecolaborador |
|
| 700 | 1 |
_aGregori, Di Humberto _ecolaborador |
|
| 700 | 1 |
_aEspino Gonzalez, Miguel A. _ecolaborador |
|
| 700 | 1 |
_aFajre Festa, claudio A. _ecolaborador |
|
| 700 | 1 |
_aFontela vazquez, Raúl A. _ecolaborador |
|
| 700 | 1 |
_aPoletto, Marta T. _ecolaborador |
|
| 700 | 1 |
_aRodríguez Batz, Marcelo M. _ecolaborador |
|
| 942 |
_2lcc _cLIB |
||
| 999 |
_c98860 _d98860 |
||